[Event "POL-ch Blitz U18 Girls"]
[Site "Bydgoszcz"]
[Date "2023.08.31"]
[Round "7"]
[White "Kowalczyk, Julia"]
[Black "Babinska, Liwia"]
[Result "0-1"]
[WhiteElo "1045"]
[BlackElo "1296"]
[PlyCount "64"]
[EventDate "2023.08.28"]
[EventType "swiss"]
[EventRounds "9"]
[EventCountry "POL"]
[SourceTitle "EXT 2024"]
[Source "ChessBase"]
[SourceDate "2023.10.10"]
[SourceVersion "1"]
[SourceVersionDate "2023.10.10"]
[SourceQuality "1"]

1. g3 d5 2. Bg2 Nf6 3. Nf3 Nc6 4. 0-0 e5 5. e3 Bd6 6. d4 e4 7. Nfd2 Bd7 8. b3 0-0 9. Bb2 Qc8 10. Nc3 Ne7 11. Re1 Bh3 12. Bh1 c6 13. f3 exf3 14. Nxf3 Bg4 15. Rf1 Ng6 16. Qd3 Re8 17. Rae1 Ne4 18. a4 Bh3 19. Bg2 Qg4 20. Bxh3 Qxh3 21. Ne2 Qd7 22. Nf4 Nxf4 23. exf4 Qg4 24. Bc1 Re6 25. c4 Bb4 26. Re2 Rae8 27. cxd5 cxd5 28. Qb5 Nc3 29. Qxb4 Nxe2+ 30. Kg2 Nxc1 31. Rxc1 Re2+ 32. Kg1 Qxf3 0-1